Direct taxes : (Record no. 128243)

MARC details
000 -LEADER
fixed length control field 00709nam a22002297a 4500
005 - DATE AND TIME OF LATEST TRANSACTION
control field 20170124110036.0
010 ## - LIBRARY OF CONGRESS CONTROL NUMBER
LC control number B-008294
020 ## - INTERNATIONAL STANDARD BOOK NUMBER
Terms of availability 00.00
International Standard Book Number 8173281009
035 ## - SYSTEM CONTROL NUMBER
System control number B-008294
037 ## - SOURCE OF ACQUISITION
Source of stock number/acquisition Cen Lib/Ret
040 ## - CATALOGING SOURCE
Original cataloging agency DPL
Language of cataloging EN
082 ## - DEWEY DECIMAL CLASSIFICATION NUMBER
Classification number 343.54052
Item number PRA
100 ## - MAIN ENTRY--PERSONAL NAME
Personal name Parsad, Bhagwati
9 (RLIN) 22793
245 ## - TITLE STATEMENT
Title Direct taxes :
Statement of responsibility, etc by Bhagwati Parsad
Remainder of title law and practice /
250 ## - EDITION STATEMENT
Remainder of edition statement 35th ed
260 ## - PUBLICATION, DISTRIBUTION, ETC. (IMPRINT)
Place of publication, distribution, etc New Delhi
Name of publisher, distributor, etc Wishwa Prakashan
Date of publication, distribution, etc 1994
270 ## - ADDRESS
Address 4835/24, Ansari Road, Drayaganj
City New Delhi
Postal code 110002
300 ## - PHYSICAL DESCRIPTION
Extent xxxi,1075p. :
Dimensions 23cm(Hb)
Other physical details ill.
650 ## - SUBJECT ADDED ENTRY--TOPICAL TERM
Topical term or geographic name as entry element Direct taxation--Law and legislation
9 (RLIN) 22794
650 ## - SUBJECT ADDED ENTRY--TOPICAL TERM
Topical term or geographic name as entry element Tax planning
9 (RLIN) 22795
942 ## - ADDED ENTRY ELEMENTS (KOHA)
Source of classification or shelving scheme Dewey Decimal Classification
Koha item type English Books
Classification part 343.54052
Call number suffix PRA
Holdings
Withdrawn status Lost status Damaged status Not for loan Home library Current library Date acquired Source of acquisition Cost, normal purchase price Total Checkouts Full call number Barcode Date last seen Copy number Cost, replacement price Price effective from Koha item type
        Central Library Central Library 02/07/2015 Cen Lib/Ret 0.00   343.54052 PRA B-008294 02/07/2015 1 0.00 02/07/2015 English Books

© Delhi Public Library
Hit Counter
free hit counter